Diagnóstico de seguridad e higiene industrial en talleres de ebanistería de los departamentos de Managua y Masaya
Este trabajo monográfico se realizó en once talleres de ebanistería de los departamentos de Managua y Masaya. Consta de dos partes: la primera, Diagnóstico de Seguridad e Higiene Industrial, refleja la situación actual en la que se encuentran estos talleres, los puntos en los que tienen problem...
| Main Authors: | , |
|---|---|
| Other Authors: | |
| Format: | Tesis Section = Libro |
| Language: | Undetermined Spanish |
| Published: |
Managua
UNI
2002
|
| Subjects: |
| LEADER | 01371nam a2200253Ia 4500 | ||
|---|---|---|---|
| 008 | 240830s9999 xx 000 0 und d | ||
| 040 | |a BIBLIOTECA-RUPAP Mon 658.38 J37 | ||
| 041 | |a spa | ||
| 082 | |a Mon 658.38 J37 | ||
| 100 | 1 | |a Jarquín Hernández, Vilma Lorena | |
| 100 | 1 | |b Larios Gómez, Roger Lenin | |
| 245 | 1 | 0 | |a Diagnóstico de seguridad e higiene industrial en talleres de ebanistería de los departamentos de Managua y Masaya |
| 260 | |a Managua |b UNI |c 2002 | ||
| 300 | |a 316 p. :il. | ||
| 500 | |a Contiene: anexos. | ||
| 502 | |a Tesis (Ingeniero Industrial)- UNI, 2002. | ||
| 520 | 3 | |a Este trabajo monográfico se realizó en once talleres de ebanistería de los departamentos de Managua y Masaya. Consta de dos partes: la primera, Diagnóstico de Seguridad e Higiene Industrial, refleja la situación actual en la que se encuentran estos talleres, los puntos en los que tienen problemas y en los que se encuentran bien. La segunda parte, Propuesta de Mejoras a los Talleres de Ebanistería, refleja algunas mejoras básicas que los talleres pueden realizar para cambiar drásticamente, a unas mejores condiciones de higiene y seguridad. | |
| 650 | 7 | |a SEGURIDAD INDUSTRIAL | |
| 650 | 7 | |b MEDIDAS DE SEGURIDAD | |
| 650 | 7 | |c HIGIENE INDUSTRIAL | |
| 700 | 1 | |a Tutor: |b Morgan Espinoza, Ramon Alberto | |
| 942 | |c BK |2 ddc | ||
| 991 | |a TESIS | ||
| 999 | |c 17127 | ||